| 000 | 01193nam a22002537a 4500 | ||
|---|---|---|---|
| 999 |
_c22198 _d22198 |
||
| 003 | AR-CdUCM | ||
| 008 | 190425b ||||| |||| 00| 0 spa d | ||
| 040 |
_aMUNICIPALIDAD PROVINCIAL DEL CUSCO _cBIBLIOTECA MUNICIPAL DEL CUSCO |
||
| 082 | _aOropesa/N°105/2018 | ||
| 245 |
_aOropesa : _brevista de cultura y educación de opinión y crítica / _cAmérico Valer Vargas, Director |
||
| 260 |
_aCusco. _bLezama, _c2018. |
||
| 300 |
_a18 páginas. : _bilustraciones ; _c30 cm. |
||
| 440 |
_aOropesa. _nAño XXXVI, N°105, febrero 2018. _947624 |
||
| 505 | _aContenido: La Dirección de Cultura y la demagogia política local. -- Derecho y política en la vacancia presidencial del Perú. -- Justicia oficial y justicia alternativa del estado peruano. -- 26 de enero día mundial de la Educación Ambiental. -- Breve reseña histórica de la Virgen Reyna Estrella de Oropesa. | ||
| 650 |
_aPolítica cusqueña _947381 |
||
| 650 |
_aCultura andina _947570 |
||
| 650 |
_aSociedad cusqueña _947493 |
||
| 650 |
_aSiglo XX _947561 |
||
| 700 |
_aCalvo Calvo, Rossano _944156 |
||
| 700 |
_aValer Vargas, Américo _947562 |
||
| 700 |
_aPeña Jumpa, Antonio _947625 |
||
| 942 |
_2ddc _cPP |
||
| 945 | _arac | ||